000 00654nam a2200193Ia 4500
003 GCL
008 140319s9999 xx 000 0 ara d
040 _aGCL /
_cGCL
082 0 4 _a610.9
_bم ا
100 1 _aمحمد عزت عمر (اعداد)
245 1 0 _aابحاث المؤتمر السنوى التاسع لتاريخ العلوم عندالعرب /
_cمحمد عزت عمر (اعداد)
700 1 _aخالد ماغوط
300 _a308 ص
490 _aمنشورات جامعة حلب
_v0
650 0 4 _aالعلوم عند العرب
650 0 4 _aالحضارة الاسلامية
650 0 4 _aالطب - تاريخ
942 _2ddc
_cBK
999 _c43593
_d43593